[Event "Steinfurt Bezirksklasse 1213"]
[Site "Germany"]
[Date "2012.12.01"]
[Round "3.5"]
[White "Nattkaemper, Johann"]
[Black "Osterbrink, David"]
[Result "1-0"]
[WhiteElo "1232"]
[BlackElo "896"]
[PlyCount "65"]
[EventDate "2012.09.29"]
[EventType "team-tourn"]
[EventRounds "9"]
[EventCountry "GER"]
[SourceTitle "EXT 2015"]
[Source "ChessBase"]
[SourceDate "2014.11.20"]
[SourceVersion "1"]
[SourceVersionDate "2014.11.20"]
[SourceQuality "1"]
[WhiteTeam "Ibbenbueren III"]
[BlackTeam "Emsdetten Rochade III"]
[WhiteTeamCountry "GER"]
[BlackTeamCountry "GER"]

1. c4 e5 2. e3 c5 3. Nc3 Nf6 4. Nge2 Bd6 5. g3 b6 6. Bg2 Nc6 7. d4 Bb7 8. d5 Ne7 9. e4 Ba6 10. b3 0-0 11. 0-0 Ng6 12. f4 Qe7 13. f5 Nf4 14. Nxf4 exf4 15. g4 Qe5 16. Bxf4 Qe7 17. Bd2 Be5 18. g5 Ne8 19. Qg4 g6 20. Rae1 h5 21. Qh4 Ng7 22. f6 Qd6 23. fxg7 Kxg7 24. Bf4 Bxf4 25. Rxf4 Rae8 26. Rf6 Qe5 27. Ne2 b5 28. Rxa6 bxc4 29. bxc4 Qb2 30. Qf2 Re7 31. Qf6+ Qxf6 32. gxf6+ Kg8 33. fxe7 1-0

[Event "Steinfurt Bezirksklasse 1112"]
[Site "Germany"]
[Date "2012.03.17"]
[Round "7.6"]
[White "Osterbrink, David"]
[Black "Brehe, Kai"]
[Result "1-0"]
[WhiteElo "869"]
[BlackElo "816"]
[PlyCount "85"]
[EventDate "2011.09.24"]
[EventType "team-tourn"]
[EventRounds "9"]
[EventCountry "GER"]
[SourceTitle "EXT 2013"]
[Source "ChessBase"]
[SourceDate "2012.11.22"]
[SourceVersion "1"]
[SourceVersionDate "2012.11.22"]
[SourceQuality "1"]
[WhiteTeam "Emsdetten Rochade IV"]
[BlackTeam "Emsdetten Turm IV"]
[WhiteTeamCountry "GER"]
[BlackTeamCountry "GER"]

1. e4 e5 2. Nf3 Nc6 3. Nc3 Nf6 4. d4 d6 5. d5 Ne7 6. Bc4 c6 7. Bg5 h6 8. Bxf6 gxf6 9. 0-0 Bg4 10. h3 Bh5 11. g4 Bg6 12. Nh4 Bg7 13. Nxg6 Nxg6 14. dxc6 bxc6 15. b4 0-0 16. Rb1 Qb6 17. Qxd6 Rad8 18. Na4 Qb7 19. Qc5 Qe7 20. Qxe7 Nxe7 21. Nc5 Rd4 22. Bd3 Rb8 23. c3 Rdd8 24. Rfd1 Bf8 25. Na6 Ra8 26. b5 cxb5 27. Rxb5 Nc6 28. f4 Nb8 29. Nc7 Nc6 30. Nxa8 Rxa8 31. Bc4 a6 32. Rb7 Na5 33. Bxf7+ Kh8 34. Rc7 Bc5+ 35. Rxc5 Nb7 36. Rc6 Nd8 37. Rxf6 Nxf7 38. Rxf7 Rg8 39. fxe5 h5 40. g5 Rxg5+ 41. Kh2 Kg8 42. Ra7 Rxe5 43. Rd8+ 1-0

[Event "Steinfurt Bezirksklasse 1112"]
[Site "Germany"]
[Date "2011.11.19"]
[Round "3.5"]
[White "Echelmeyer, Kai"]
[Black "Osterbrink, David"]
[Result "1-0"]
[WhiteElo "1434"]
[BlackElo "869"]
[PlyCount "119"]
[EventDate "2011.09.24"]
[EventType "team-tourn"]
[EventRounds "9"]
[EventCountry "GER"]
[SourceTitle "EXT 2013"]
[Source "ChessBase"]
[SourceDate "2012.11.22"]
[SourceVersion "1"]
[SourceVersionDate "2012.11.22"]
[SourceQuality "1"]
[WhiteTeam "Emsdetten Turm III"]
[BlackTeam "Emsdetten Rochade IV"]
[WhiteTeamCountry "GER"]
[BlackTeamCountry "GER"]

1. e4 e5 2. Nf3 Nc6 3. Nc3 Nf6 4. Bb5 a6 5. Bxc6 dxc6 6. Nxe5 Qe7 7. d4 Be6 8. Bg5 h6 9. Bh4 g5 10. Bg3 Qb4 11. Nd3 Qxd4 12. Be5 Qd8 13. Qf3 Bg7 14. h3 g4 15. Qf4 Nh5 16. Qe3 Bxe5 17. Nxe5 Nf6 18. hxg4 Nxg4 19. Qf4 Qf6 20. Nd3 Qxf4 21. Nxf4 Bc4 22. f3 Ne5 23. 0-0-0 0-0 24. Rxh6 Kg7 25. Rh5 Ng6 26. g3 Nxf4 27. gxf4 Rh8 28. Rxh8 Rxh8 29. f5 Rh3 30. b3 Bb5 31. Nxb5 cxb5 32. Rd3 Rh1+ 33. Kb2 c5 34. Rc3 Rf1 35. e5 Re1 36. Rxc5 Re3 37. f4 Rf3 38. e6 fxe6 39. fxe6 Re3 40. Re5 Rxe5 41. fxe5 Kf8 42. Kc3 Ke7 43. Kd4 Kxe6 44. Ke4 a5 45. Kd4 b6 46. Ke4 a4 47. Kd4 axb3 48. axb3 b4 49. Ke4 b5 50. Kd4 Ke7 51. Kc5 Ke6 52. Kxb4 Kxe5 53. Kxb5 Kd4 54. c4 Kc3 55. c5 Kxb3 56. c6 Kc3 57. c7 Kd4 58. c8Q Ke4 59. Qc5 Kf4 60. Qd5 1-0

[Event "Steinfurt Bezirksklasse 1011"]
[Site "Germany"]
[Date "2011.05.14"]
[Round "9.5"]
[White "Bloemker, Martin"]
[Black "Osterbrink, David"]
[Result "1-0"]
[WhiteElo "1384"]
[BlackElo "827"]
[PlyCount "35"]
[EventDate "2010.09.25"]
[EventType "team-tourn"]
[EventRounds "9"]
[EventCountry "GER"]
[SourceTitle "EXT 2012"]
[Source "ChessBase"]
[SourceDate "2011.11.24"]
[SourceVersion "1"]
[SourceVersionDate "2011.11.24"]
[SourceQuality "1"]
[WhiteTeam "Steinfurt IV"]
[BlackTeam "Emsdetten Rochade IV"]
[WhiteTeamCountry "GER"]
[BlackTeamCountry "GER"]

1. Nf3 Nf6 2. c4 e6 3. g3 Bc5 4. Bg2 Ng4 5. 0-0 Qf6 6. d4 Bd6 7. e4 b6 8. e5 Nxe5 9. dxe5 Bxe5 10. Nxe5 Qxe5 11. Bxa8 Ba6 12. Bg2 Bxc4 13. Re1 Qc5 14. Be3 Qb4 15. Bd4 0-0 16. Bc3 Qe7 17. Qd4 d5 18. Qxg7# 1-0